<?xml version="1.0" encoding="UTF-8"?>
<marc:record xmlns:marc="http://www.loc.gov/MARC21/slim">
   <marc:leader>00000nam a2200000 a 4500</marc:leader>
   <marc:datafield ind1="1" ind2=" " tag="100">
      <marc:subfield code="a">Grün, Anselm</marc:subfield>
      <marc:subfield code="4">aut</marc:subfield>
      <marc:subfield code="e">Verfasser/-in</marc:subfield>
   </marc:datafield>
   <marc:datafield ind1=" " ind2=" " tag="653">
      <marc:subfield code="a">Depression</marc:subfield>
   </marc:datafield>
   <marc:datafield ind1=" " ind2=" " tag="653">
      <marc:subfield code="a">Spiritualität</marc:subfield>
   </marc:datafield>
   <marc:datafield ind1=" " ind2=" " tag="653">
      <marc:subfield code="a">Softcover / Ratgeber/Lebenshilfe</marc:subfield>
   </marc:datafield>
   <marc:datafield ind1=" " ind2=" " tag="653">
      <marc:subfield code="a">Alltag/Lebensführung</marc:subfield>
   </marc:datafield>
   <marc:datafield ind1=" " ind2=" " tag="653">
      <marc:subfield code="a">Persönliche Entwicklung</marc:subfield>
   </marc:datafield>
   <marc:datafield ind1=" " ind2=" " tag="653">
      <marc:subfield code="a">9</marc:subfield>
   </marc:datafield>
   <marc:datafield ind1=" " ind2=" " tag="653">
      <marc:subfield code="a">Ratgeber</marc:subfield>
   </marc:datafield>
   <marc:datafield ind1="0" ind2="0" tag="245">
      <marc:subfield code="a">Wege durch die Depression</marc:subfield>
   </marc:datafield>
   <marc:datafield ind1="0" ind2="0" tag="245">
      <marc:subfield code="b">spirituelle Impulse</marc:subfield>
   </marc:datafield>
   <marc:datafield ind1="0" ind2="0" tag="245">
      <marc:subfield code="c">Anselm Grün</marc:subfield>
   </marc:datafield>
   <marc:datafield ind1=" " ind2="1" tag="264">
      <marc:subfield code="a">Freiburg im Breisgau</marc:subfield>
      <marc:subfield code="b">Kreuz</marc:subfield>
      <marc:subfield code="c">2013</marc:subfield>
   </marc:datafield>
   <marc:datafield ind1="1" ind2=" " tag="520">
      <marc:subfield code="a">Angaben aus der Verlagsmeldung

Wege durch die Depression : Spirituelle Impulse / von Anselm Grün

Depression - eine Volkskrankheit: Der Alltag wird grau, Hoffnung versinkt in einem Meer von kraftloser Erschöpfung. Verzweifelte Menschen brauchen gerade jetzt Verständnis und Nähe. Sie stehen nicht nur vor einer medizinischen, sondern auch einer existentiellen und spirituellen Herausforderung. „Heilung kann dabei manchmal das Verschwinden der Krankheit bedeuten. Oft aber heißt Heilung nicht, dass wir mit der Depression nichts mehr zu tun hätten, sondern dass wir auf andere, menschlichere Weise mit ihr umgehen. Und manchmal braucht es das Eingeständnis, dass die Depression eine Lebensaufgabe bleiben wird: Wir möchten die Depression gerne loswerden. Es wäre schon viel, wenn wir sie loslassen könnten. Loslassen kann man aber nur, was man angenommen hat.“ (Anselm Grün)

„Ein Werk, das Kopf und Herz anspricht und gerade religiös verwurzelten oder um existentiellen Sinn ringenden Menschen eine Hilfe sein kann.“ (Prof. Dr. Daniel Hell, em. Direktor an der Zürcher Psychiatrischen Universitätsklinik)
</marc:subfield>
   </marc:datafield>
   <marc:datafield ind1=" " ind2=" " tag="020">
      <marc:subfield code="a">9783451611964</marc:subfield>
      <marc:subfield code="9">9783451611964</marc:subfield>
   </marc:datafield>
   <marc:datafield ind1=" " ind2=" " tag="020">
      <marc:subfield code="a">3451611961</marc:subfield>
      <marc:subfield code="9">3451611961</marc:subfield>
   </marc:datafield>
   <marc:datafield ind1=" " ind2=" " tag="300">
      <marc:subfield code="a">187 S.</marc:subfield>
   </marc:datafield>
</marc:record>
